Manchester United Players 15 or More Goals in Premier League - Statistics

General Stats
  • This quiz has been taken 38 times
  • The average score is 30 of 33
Answer Stats
Hint Answer Country G/A % Correct
06/07 Cristiano Ronaldo Portugal 17G9A
100%
07/08 Cristiano Ronaldo Portugal 31G7A
100%
08/09 Cristiano Ronaldo Portugal 18G7A
100%
21/22 Cristiano Ronaldo Portugal 18G3A
100%
10/11 Dimitar Berbatov Bulgaria 20G4A
100%
12/13 Robin van Persie Netherlands 26G10A
100%
20/21 Bruno Fernandes Portugal 18G11A
97%
19/20 Marcus Rashford England 17G9A
97%
22/23 Marcus Rashford England 17G6A
97%
17/18 Romelu Lukaku Belgium 16G7A
97%
01/02 Ruud van Nistelrooy Netherlands 23G4A
97%
02/03 Ruud van Nistelrooy Netherlands 25G3A
97%
Ruud van Nistelrooy Netherlands 20G2A
97%
Ruud van Nistelrooy Netherlands 21G2A
97%
16/17 Zlatan Ibrahimović Sweden 17G5A
97%
98/99 Dwight Yorke Trinidad 18G11A
94%
99/00 Dwight Yorke Trinidad 20G4A
94%
96/97 Ole Gunnar Solskjær Norway 18G4A
94%
Ole Gunnar Solskjær Norway 17G9A
94%
05/06 Wayne Rooney England 16G9A
94%
09/10 Wayne Rooney England 26G4A
94%
11/12 Wayne Rooney England 27G6A
94%
13/14 Wayne Rooney England 17G10A
94%
Anthony Martial France 17G7A
90%
92/93 Éric Cantona France 15G15A
90%
93/94 Éric Cantona France 18G13A
90%
94/95 Andy Cole England 21G5A
87%
97/98 Andy Cole England 15G7A
87%
Andy Cole England 17G2A
87%
Andy Cole England 19G4A
87%
00/01 Teddy Sheringham England 15G5A
77%
03/04 Louis Saha France 20G6A
61%
Mark Hughes Wales 15G3A
61%
No matching quizzes found
Score Distribution
Percent of People with Each Score
Percentile by Number Answered
Your Score History
You have not taken this quiz